banner koha

Corrida contra o relógio (Registro n. 341187)

MARC details
000 -LÍDER
fixed length control field 00819nab a2200241 4500
003 - CÓDIGO MARC DA AGÊNCIA CATALOGADORA
Campo de controle BR-BrBNA
005 - DATA E HORA DA ÚLTIMA ATUALIZAÇÃO
Campo de controle 20260331160440.0
008 - CAMPO DE TAMANHO FIXO
fixed length control field 260331b bl.||||| |||| 00| 0 por d
040 ## - FONTE DA CATALOGAÇÃO
Agência catalogadora BR-BrBNA
Idioma da catalogação por
072 ## - CATEGORIA AGRIS
Código AGRIS P01 ; D50 ; E11
100 ## - ENTRADA PRINCIPAL - NOME PESSOAL
Nome pessoal Santiago, Darlene
245 ## - TÍTULO PRINCIPAL
Título principal Corrida contra o relógio
Subtítulo Agroeconomia
500 ## - NOTA GERAL
Nota geral 3 illus.
942 ## - ADDED ENTRY ELEMENTS (KOHA)
Koha item type Analítica
650 ## - ASSUNTO - THESAGRO
Cabeçalho tópico ou nome geográfico CADASTRO AMBIENTAL
650 ## - ASSUNTO - THESAGRO
Cabeçalho tópico ou nome geográfico CADASTRO RURAL
650 ## - ASSUNTO - THESAGRO
Cabeçalho tópico ou nome geográfico LEGISLAÇÃO
650 ## - ASSUNTO - THESAGRO
Cabeçalho tópico ou nome geográfico ÁREA DE PRESERVAÇÃO PERMANENTE
650 ## - ASSUNTO - THESAGRO
Cabeçalho tópico ou nome geográfico REGULARIZAÇÃO AMBIENTAL
650 ## - ASSUNTO - THESAGRO
Cabeçalho tópico ou nome geográfico PLANEJAMENTO AMBIENTAL
773 0# - ENTRADA ANALÍTICA
Host Biblionumber 1706
Registro do item 348153
Imprenta São Paulo-SP Editora Três Ltda - E-mail: luizfsa@revistadinheiro.com.br 2004
Outro identificador 2025-0642
Título Dinheiro Rural (Brazil)
ISSN 1807-3700
Colação v. 10(128) p. 30-32; (Aug 2015)
Número de controle de registro BR2026000433

Nenhum exemplar disponível.

BINAGRI

Telefone: (61)3218-2567/2388/3357/2097 - binagri@agro.gov.br

Ministério da Agricultura e Pecuária , Esplanada dos Ministérios, Bloco D, Anexo B, Brasília/DF, CEP: 70.043-900